000
00238nam a2200109Ia 4500
008
200302s9999 xx 000 0 und d
100
_a
Archpaper
245
_a
Candilis Josic Woods
260
_b
Publisher
260
_c
1960
300
_a
226 P.,
999
_c
128
_d
128